000 01657cam a22004814i 4500
003 PE-LiUPU
005 20250731173553.0
008 150616s r 000 0 d
020 _a0931464919
035 _a(Sirsi) i9780931464911
040 _aPE-LiUPU
_bspa
_cPE-LiUPU
_erda
049 _aPRUA
082 0 4 _a221.066
_bG35
_221
245 0 0 _aGo to the Land I Will Show You :
_bStudies in Honor of Dwight W. Young /
_cEditado por Joseph E. Coleson y Víctor H. Mattews.
264 1 _aWinona Lake, Indiana :
_bEisenbrauns,
_c1996.
300 _a428 páginas ;
_c24 centímetros
336 _atext
_2rdacontent
337 _aunmediated
_2rdamedia
338 _avolume
_2rdacarrier
505 0 _aBiblical studies.- Ancient near eastern histiry and linguistics.- Indexes.
526 _aSEG42
526 _aSEG41
526 _aSEG40
526 _aSEG39
526 _aP94
526 _aP87
526 _aP86
526 _aP85
526 _aP77
526 _aP76
526 _aP35
630 _aBiblia.
_pA.T.
_xCrítica, interpretación, etc.
650 0 4 _a
700 1 _aColeson, Joseph E.,
_eeditor.
700 1 _aMatthews, Víctor H.,
_eeditor.
910 _ajck
_bjvq
_cjck
942 _2ddc
_cBOOK
949 _a221.066 G35
_wDEWEY
_c1
_i43299
_lCCODEBUL1
_mBUL
_r0
_sY
_tBOOK
_u2015-6-16
_xTEOLOGIA
_zUNKNOWN
_0COMPRA
_o.STAFF. Colección General
994 _aC0
_bPEPRU
596 _a1
999 _a221.066 G35
_wDEWEY
_c61266
_i43299
_f2021-11-9
_g5
_lCCODEBUL1
_mBUL
_r0
_sY
_tBOOK
_u2015-6-16
_xTEOLOGIA
_zUNKNOWN
_0COMPRA
_o.STAFF. Colección General
_d61266
980 _81
_gALBERTO SANCHEZ Responsable de Automatización